00715nam a22001817a 4500003000900000008004100009040007100050082001800121100002300139245003300162260005800195300003000253440002900283505015900312650001900471650002800490650001500518AR-CdUCM190306b ||||| |||| 00| 0 spa d aMUNICIPALIDAD PROVINCIAL DEL CUSCOcBIBLIOTECA MUNICIPAL DEL CUSCO a376.5 / bC18 aCalamandrei, Piero aLa Universidad de Mañana / aBuenos Aires :bJuridicas Europa - América ,c1961. a161 páginas ;c15.2 cm. aBrevarios de Derechon40 aContenido: El problema de la enseñanza institutcional -- Lecciones Ejerciantes actualmente en practica -- las ejercitaciones actualmente en practica ..  aJurisprudencia aLa Libertad de Estudios aPedagogia